Visualizzazione normale
Vista MARC
- Schumann Robert
di Personal Name
Records bibliografici associati: 1
001 - CONTROL NUMBER
- control field: 9594
003 - CONTROL NUMBER IDENTIFIER
- control field: IT-RoPau
005 - DATE AND TIME OF LATEST TRANSACTION
- control field: 20140118203023.0
008 - FIXED-LENGTH DATA ELEMENTS
- fixed length control field: 140118|| aca||aabn | a|a d
040 ## - CATALOGING SOURCE
- Original cataloging agency: IT-RoPau
- Transcribing agency: IT-RoPau
100 ## - HEADING--PERSONAL NAME
- Personal name: Schumann Robert
- Relator term: Autore
- Miscellaneous information: Codice autore SPICS: 11150
670 ## - SOURCE DATA FOUND
- Source citation: Work cat.: (IT-RoPau)103536: Mendelssohn Felix 9591, Symphony n. 4 in a major "Italian..."-Symphony n. 4 in d minor